Little Freshman Boy - Statistics

General Stats
  • This quiz has been taken 13 times
  • The average score is 3 of 116
Answer Stats
Hint Answer % Correct
Little Freshman Boy Simon
100%
Little Freshman Boy Simon
100%
Little Freshman Boy Simon
33%
Little Freshman Boy Simon
33%
Little Freshman Boy Simon
33%
Little Freshman Boy Simon
0%
Little Freshman Boy Simon
0%
Little Freshman Boy Simon
0%
Little Freshman Boy Simon
0%
Little Freshman Boy Simon
0%
Little Freshman Boy Simon
0%
Little Freshman Boy Simon
0%
Little Freshman Boy Simon
0%
Little Freshman Boy Simon
0%
Little Freshman Boy Simon
0%
Little Freshman Boy Simon
0%
Little Freshman Boy Simon
0%
Little Freshman Boy Simon
0%
Little Freshman Boy Simon
0%
Little Freshman Boy Simon
0%
Little Freshman Boy Simon
0%
Little Freshman Boy Simon
0%
Little Freshman Boy Simon
0%
Little Freshman Boy Simon
0%
Little Freshman Boy Simon
0%
Little Freshman Boy Simon
0%
Little Freshman Boy Simon
0%
Little Freshman Boy Simon
0%
Little Freshman Boy Simon
0%
Little Freshman Boy Simon
0%
Little Freshman Boy Simon
0%
Little Freshman Boy Simon
0%
Little Freshman Boy Simon
0%
Little Freshman Boy Simon
0%
Little Freshman Boy Simon
0%
Little Freshman Boy Simon
0%
Little Freshman Boy Simon
0%
Little Freshman Boy Simon
0%
Little Freshman Boy Simon
0%
Little Freshman Boy Simon
0%
Little Freshman Boy Simon
0%
Little Freshman Boy Simon
0%
Little Freshman Boy Simon
0%
Little Freshman Boy Simon
0%
Little Freshman Boy Simon
0%
Little Freshman Boy Simon
0%
Little Freshman Boy Simon
0%
Little Freshman Boy Simon
0%
Little Freshman Boy Simon
0%
Little Freshman Boy Simon
0%
Little Freshman Boy Simon
0%
Little Freshman Boy Simon
0%
Little Freshman Boy Simon
0%
Little Freshman Boy Simon
0%
Little Freshman Boy Simon
0%
Little Freshman Boy Simon
0%
Little Freshman Boy Simon
0%
Little Freshman Boy Simon
0%
Little Freshman Boy Simon
0%
Little Freshman Boy Simon
0%
Little Freshman Boy Simon
0%
Little Freshman Boy Simon
0%
Little Freshman Boy Simon
0%
Little Freshman Boy Simon
0%
Little Freshman Boy Simon
0%
Little Freshman Boy Simon
0%
Little Freshman Boy Simon
0%
Little Freshman Boy Simon
0%
Little Freshman Boy Simon
0%
Little Freshman Boy Simon
0%
Little Freshman Boy Simon
0%
Little Freshman Boy Simon
0%
Little Freshman Boy Simon
0%
Little Freshman Boy Simon
0%
Little Freshman Boy Simon
0%
Little Freshman Boy Simon
0%
Little Freshman Boy Simon
0%
Little Freshman Boy Simon
0%
Little Freshman Boy Simon
0%
Little Freshman Boy Simon
0%
Little Freshman Boy Simon
0%
Little Freshman Boy Simon
0%
Little Freshman Boy Simon
0%
Little Freshman Boy Simon
0%
Little Freshman Boy Simon
0%
Little Freshman Boy Simon
0%
Little Freshman Boy Simon
0%
Little Freshman Boy Simon
0%
Little Freshman Boy Simon
0%
Little Freshman Boy Simon
0%
Little Freshman Boy Simon
0%
Little Freshman Boy Simon
0%
Little Freshman Boy Simon
0%
Little Freshman Boy Simon
0%
Little Freshman Boy Simon
0%
Little Freshman Boy Simon
0%
Little Freshman Boy Simon
0%
Little Freshman Boy Simon
0%
Little Freshman Boy Simon
0%
Little Freshman Boy Simon
0%
Little Freshman Boy Simon
0%
Little Freshman Boy Simon
0%
Little Freshman Boy Simon
0%
Little Freshman Boy Simon
0%
Little Freshman Boy Simon
0%
Little Freshman Boy Simon
0%
Little Freshman Boy Simon
0%
Little Freshman Boy Simon
0%
Little Freshman Boy Simon
0%
Little Freshman Boy Simon
0%
Little Freshman Boy Simon
0%
Little Freshman Boy Simon
0%
Little Freshman Boy Simon
0%
Little Freshman Boy Simon
0%
Little Freshman Boy Simon
0%
Little Freshman Boy Simon
0%
No matching quizzes found
Score Distribution
Percent of People with Each Score
Percentile by Number Answered
Your Score History
You have not taken this quiz